| 000 | 00768nam a2200289Ia 4500 | ||
|---|---|---|---|
| 001 | Para_9557 | ||
| 003 | CHAP | ||
| 008 | 220125s1986 xx 000 0 und d | ||
| 010 | _a208231 | ||
| 040 | _cCHAP | ||
| 082 | _a860.3 G37 | ||
| 100 |
_aGarcía Márquez, Gabriel _946307 |
||
| 245 |
_aEl otoño del patriarca / _c por Gabriel García Márquez |
||
| 250 | _a20 reimpr. | ||
| 260 |
_aMéxico, D.F. : _b Diana |
||
| 300 | _a297 | ||
| 650 |
_aLiteratura Colombiana _967122 |
||
| 650 |
_aLiteratura Latinoamericana _967135 |
||
| 650 |
_aNovela Colombiana _982016 |
||
| 901 | _a860.3 G37 | ||
| 902 | _aM | ||
| 905 | _a0000001986 0000000000 00 | ||
| 910 | _a1986 | ||
| 942 | _cPARA | ||
| 942 |
_cPARA _d1 |
||
| 999 |
_c208231 _d208231 |
||